000 00689nam a2200229Ia 4500
003 OSt
005 20220918192851.0
006 a|||||r|||| 00| 0
007 ta
008 220917b |||||||| |||| 00| 0 eng d
024 _a70,806
037 _cTextual
040 _aARTS
_cARTS
_beng
041 _2eng
_aeng
082 _aR39(Y)xM48x, E5 (=)
100 _aBalfour Arthur James
_980489
245 0 _aTheism and humanism being the Gifford lectures delivered at the Univ of Glasgow 1914
260 _aLondon
_bHodder and Stoughton
_c1915
300 _axv,274p.
_ccm.
942 _hR39(Y)xM48x, E5 (=)
_cTEXL
_2CC
999 _c196898
_d196898